Statistiken für 1. Bundesliga - Tile Select

Klicken Sie hier um das Quiz zu spielen!

Allgemein

  • Dieses Quiz wurde 453 mal gespielt
  • Das Durchschnittsergebnis liegt bei 46 aus 60

Antwortstatistiken

FrageKachelSelect% Korrekt
Vereine, die bereits Meister geworden sindRB LeipzigNein
98%
Vereine, die bereits Meister geworden sindWerder BremenJa
96%
Vereine, die noch nie aus der 1. Bundesliga abgestiegen sindFC Ingolstadt 04Nein
95%
Vereine, die noch nie aus der 1. Bundesliga abgestiegen sindHansa RostockNein
95%
Vereine, die noch nie aus der 1. Bundesliga abgestiegen sindFC St. PauliNein
94%
Spieler mit mehr als 100 BundesligatorenRobert LewandowskiJa
94%
Vereine, die noch nie aus der 1. Bundesliga abgestiegen sindVfL BochumNein
93%
Vereine, die bereits Meister geworden sind1. FC KaiserslauternJa
92%
Vereine, die noch nie in der 1. Bundesliga gespielt habenEintracht BraunschweigNein
92%
Vereine, die noch nie aus der 1. Bundesliga abgestiegen sindWuppertaler SVNein
92%
Vereine, die bereits Meister geworden sind1. FC KölnJa
90%
Vereine, die bereits Meister geworden sindBayer 04 LeverkusenNein
87%
Vereine, die bereits Meister geworden sindFortuna DüsseldorfNein
87%
Vereine, die bereits Meister geworden sindHertha BSCNein
87%
Vereine, die bereits Meister geworden sindKarlsruher SCNein
87%
Vereine, die noch nie in der 1. Bundesliga gespielt habenDynamo DresdenNein
86%
Spieler mit mehr als 100 BundesligatorenThomas MüllerJa
86%
Spieler mit mehr als 100 BundesligatorenClaudio PizarroJa
85%
Vereine, die bereits Meister geworden sindHannover 96Nein
85%
Gründungsmitglieder der 1. BundesligaVfL OsnabrückNein
85%
Vereine, die bereits Meister geworden sind1. FC NürnbergJa
83%
Gründungsmitglieder der 1. BundesligaBayer 04 LeverkusenNein
83%
Vereine, die noch nie aus der 1. Bundesliga abgestiegen sindBorussia MönchengladbachNein
81%
Vereine, die noch nie in der 1. Bundesliga gespielt habenTuS KoblenzJa
81%
Gründungsmitglieder der 1. Bundesliga1. FC NürnbergJa
80%
Spieler mit mehr als 100 BundesligatorenMichael BallackNein
80%
Vereine, die noch nie aus der 1. Bundesliga abgestiegen sind1. FSV Mainz 05Nein
79%
Vereine, die noch nie in der 1. Bundesliga gespielt habenSV Waldhof MannheimNein
78%
Vereine, die noch nie in der 1. Bundesliga gespielt habenVfR AalenJa
78%
Gründungsmitglieder der 1. BundesligaArminia BielefeldNein
77%
Vereine, die noch nie in der 1. Bundesliga gespielt habenPreußen MünsterNein
77%
Vereine, die noch nie aus der 1. Bundesliga abgestiegen sindVfL WolfsburgJa
77%
Vereine, die noch nie aus der 1. Bundesliga abgestiegen sind1. FC Union BerlinJa
76%
Gründungsmitglieder der 1. BundesligaFC Bayern MünchenNein
76%
Gründungsmitglieder der 1. BundesligaVfB StuttgartJa
76%
Vereine, die noch nie aus der 1. Bundesliga abgestiegen sindBayer 04 LeverkusenJa
75%
Vereine, die noch nie aus der 1. Bundesliga abgestiegen sindBorussia DortmundNein
75%
Spieler mit mehr als 100 BundesligatorenMiroslav KloseJa
73%
Vereine, die noch nie in der 1. Bundesliga gespielt habenSG Wattenscheid 09Nein
73%
Vereine, die noch nie in der 1. Bundesliga gespielt habenSSV Ulm 1846Nein
73%
Vereine, die noch nie in der 1. Bundesliga gespielt habenChemnitzer FCJa
72%
Vereine, die noch nie aus der 1. Bundesliga abgestiegen sindFC AugsburgJa
71%
Vereine, die noch nie in der 1. Bundesliga gespielt habenFSV FrankfurtJa
71%
Gründungsmitglieder der 1. BundesligaFC Schalke 04Ja
70%
Spieler mit mehr als 100 BundesligatorenMarco ReusJa
69%
Gründungsmitglieder der 1. BundesligaEintracht BraunschweigJa
67%
Spieler mit mehr als 100 BundesligatorenPierre-Emerick AubameyangNein
66%
Vereine, die bereits Meister geworden sindTSV 1860 MünchenJa
66%
Gründungsmitglieder der 1. Bundesliga1. FC SaarbrückenJa
62%
Spieler mit mehr als 100 BundesligatorenJupp HeynckesJa
61%
Vereine, die noch nie in der 1. Bundesliga gespielt haben1. FC MagdeburgJa
60%
Vereine, die bereits Meister geworden sindEintracht FrankfurtNein
60%
Spieler mit mehr als 100 BundesligatorenUli HoeneßNein
60%
Vereine, die noch nie in der 1. Bundesliga gespielt habenFC Rot-Weiß ErfurtJa
59%
Spieler mit mehr als 100 BundesligatorenLukas PodolskiNein
59%
Spieler mit mehr als 100 BundesligatorenTimo WernerJa
56%
Gründungsmitglieder der 1. BundesligaFortuna DüsseldorfNein
52%
Gründungsmitglieder der 1. BundesligaKarlsruher SCJa
51%
Spieler mit mehr als 100 BundesligatorenDieter MüllerJa
43%
Gründungsmitglieder der 1. BundesligaBorussia MönchengladbachNein
31%

Verteilung der Resultate

Perzentil nach korrekt beantworteten Fragen

Anzahl Personen mit jedem Resultat

Ihre Resultats-Entwicklung

Sie haben dieses Quiz noch nicht gespielt